Sociology of the sacred: religion, embodiment and social change
Saved in:
| Main Author: | |
|---|---|
| Format: | Book |
| Language: | English |
| Published: |
Sage Publications
2014
|
| Tags: |
Add Tag
No Tags, Be the first to tag this record!
|
MARC
| LEADER | 00000nam a22000007a 4500 | ||
|---|---|---|---|
| 008 | 210120b ||||| |||| 00| 0 eng d | ||
| 020 | |a 978-1-4462-7223-7 | ||
| 100 | |a MELLOR, Philip A | ||
| 245 | |a Sociology of the sacred: religion, embodiment and social change |e (Theory, Culture & Society). | ||
| 260 | |b Sage Publications |c 2014 |h .- Los Angeles |i 692036, |i , 692037 |l BL60 .M49 | ||
| 500 | |a “It includes index and references”. | ||
| 942 | |a lcc |c BK |e j o ifatola |f 20/1/2021 | ||
| 952 | |0 0 |1 0 |2 lcc |4 0 |6 BL0060 M49 |7 0 |9 1279 |a HOL |b HOL |c AF |d 2021-01-20 |l 0 |o BL60 .M49 |p 2021-0092 |r 2021-01-20 00:00:00 |w 2021-01-20 |y BK | ||
| 999 | |c 663 |d 663 | ||